| 000 | 008000000a22002530004500 | ||
|---|---|---|---|
| 001 | 134 | ||
| 003 | CO-MdFUSB | ||
| 005 | 20160531110748.0 | ||
| 008 | 160531t1959 g f |||| 00| 0 eng d | ||
| 040 |
_aCO-MdFUSB _bEspañol _cCO-MdFUSB _dCO-MdFUSB |
||
| 041 | 0 | _aeng | |
| 082 | 0 | 4 | _aR 220.9 G875s |
| 100 | 1 | _aGrollenberg, Luc. H. | |
| 245 | 0 | 0 |
_aShorter atlas of the Bible _c / H. Grollenberg; Translated by Mary F. Hedlund |
| 264 |
_aAmsterdam, Elsevier _b : Thomas Nelson, _c1959 |
||
| 300 | _a196 Pag. | ||
| 336 |
_2rdacontent _a1 _ba1 |
||
| 337 |
_2rdamedia _a2 _b5 |
||
| 338 |
_2rdacarrier _a2 _b5 |
||
| 500 | _aTítulo original : Kleine atlas van de bijbel. | ||
| 505 | _a1. The Background 2. The Old Testament 3. The New Testament | ||
| 653 |
_aGEOGRAFIA BIBLICA _a - MAPAS |
||
| 942 | _cBK | ||
| 999 |
_c31674 _d31674 |
||